<?xml version="1.0" encoding="UTF-8"?>
<collection xmlns="http://www.loc.gov/MARC21/slim">
 <record>
  <leader>03567nam a22004695i 4500</leader>
  <controlfield tag="001">978-88-470-0741-3</controlfield>
  <controlfield tag="003">DE-He213</controlfield>
  <controlfield tag="005">20210618132937.0</controlfield>
  <controlfield tag="007">cr nn 008mamaa</controlfield>
  <controlfield tag="008">100301s2008    it |    s    |||| 0|ita d</controlfield>
  <datafield tag="020" ind1=" " ind2=" ">
   <subfield code="a">9788847007413</subfield>
   <subfield code="9">978-88-470-0741-3</subfield>
  </datafield>
  <datafield tag="024" ind1="7" ind2=" ">
   <subfield code="a">10.1007/978-88-470-0741-3</subfield>
   <subfield code="2">doi</subfield>
  </datafield>
  <datafield tag="050" ind1=" " ind2="4">
   <subfield code="a">R895-920</subfield>
  </datafield>
  <datafield tag="072" ind1=" " ind2="7">
   <subfield code="a">MMPH</subfield>
   <subfield code="2">bicssc</subfield>
  </datafield>
  <datafield tag="072" ind1=" " ind2="7">
   <subfield code="a">MED008000</subfield>
   <subfield code="2">bisacsh</subfield>
  </datafield>
  <datafield tag="072" ind1=" " ind2="7">
   <subfield code="a">MKSH</subfield>
   <subfield code="2">thema</subfield>
  </datafield>
  <datafield tag="072" ind1=" " ind2="7">
   <subfield code="a">MKS</subfield>
   <subfield code="2">thema</subfield>
  </datafield>
  <datafield tag="082" ind1="0" ind2="4">
   <subfield code="a">616.0757</subfield>
   <subfield code="2">23</subfield>
  </datafield>
  <datafield tag="100" ind1="1" ind2=" ">
   <subfield code="a">Ribes, Ramòn.</subfield>
   <subfield code="e">author.</subfield>
   <subfield code="4">aut</subfield>
   <subfield code="4">http://id.loc.gov/vocabulary/relators/aut</subfield>
  </datafield>
  <datafield tag="245" ind1="1" ind2="0">
   <subfield code="a">Inglese per radiologi</subfield>
   <subfield code="h">[electronic resource] :</subfield>
   <subfield code="b">Scrivere, presentare e comunicare in ambito internazionale /</subfield>
   <subfield code="c">by Ramòn Ribes, Pablo R. Ros ; edited by Roberto S. Pozzi Mucelli.</subfield>
  </datafield>
  <datafield tag="250" ind1=" " ind2=" ">
   <subfield code="a">1st ed. 2008.</subfield>
  </datafield>
  <datafield tag="264" ind1=" " ind2="1">
   <subfield code="a">Milano :</subfield>
   <subfield code="b">Springer Milan :</subfield>
   <subfield code="b">Imprint: Springer,</subfield>
   <subfield code="c">2008.</subfield>
  </datafield>
  <datafield tag="300" ind1=" " ind2=" ">
   <subfield code="a">XIV, 372 pagg. 19 figg.</subfield>
   <subfield code="b">online resource.</subfield>
  </datafield>
  <datafield tag="336" ind1=" " ind2=" ">
   <subfield code="a">text</subfield>
   <subfield code="b">txt</subfield>
   <subfield code="2">rdacontent</subfield>
  </datafield>
  <datafield tag="337" ind1=" " ind2=" ">
   <subfield code="a">computer</subfield>
   <subfield code="b">c</subfield>
   <subfield code="2">rdamedia</subfield>
  </datafield>
  <datafield tag="338" ind1=" " ind2=" ">
   <subfield code="a">online resource</subfield>
   <subfield code="b">cr</subfield>
   <subfield code="2">rdacarrier</subfield>
  </datafield>
  <datafield tag="347" ind1=" " ind2=" ">
   <subfield code="a">text file</subfield>
   <subfield code="b">PDF</subfield>
   <subfield code="2">rda</subfield>
  </datafield>
  <datafield tag="505" ind1="0" ind2=" ">
   <subfield code="a">Approccio metodoiogico all’inglese radiologico -- Grammatica radloiogica -- Letteratura scientifica: scrivere un articolo -- Lettere agli editor delle riviste radiologiche -- Partecipare ad un congresso Internazionale di radiologia -- Tenere un discorso radiologico -- Moderare una sessione radiologica -- Errori frequenti nell’inglese parlato e scritto dei radiologi -- Terminologia latina e greca -- Acronimi ed abbreviazioni -- Descrivere una leslone -- Referti normali standard -- Refertazione in inglese -- Radiologia interventistica -- Turno di guardia -- Gestione in radiologia -- Guida alla conversazione radiologica -- Capacità comunicazione in medicina -- Conversazione: guida alla sopravvivenza.</subfield>
  </datafield>
  <datafield tag="520" ind1=" " ind2=" ">
   <subfield code="a">Inglese per radiologi si propone come strumento pratico ed efficace per il radiologo che desideri perfezionare le proprie competenze linguistiche e affrontare quindi con maggiore disinvoltura le diverse realtà del mondo medico-radiogico internazionale. Ricco di interessanti approfondimenti, il volume affronta i diversi aspetti e le molteplici applicazioni dell'inglese radiologico, fornendo utili suggerimenti per preparare un lavoro scientifico, per comprendere il significato di abbreviazioni e acronimi comunemente utilizzati nella lingua anglosassone, per presentare una relazione a un congresso internazionale o moderare una seduta scientifica. Una parte è inoltre dedicata alla pratica quotidiana, con particolare riguardo alla refertazione, nonché agli aspetti gestionali legati alla direzione di un dipartimento di radiologia. Dalla Prefazione di Roberto Pozzi Mucelli: &quot;Sono convinto che il volume risponda validamente alle nuove e sempre più evidenti esigenze del mondo scientifico, nel quale la conoscenza dell'inglese è d'obbligo&quot;.</subfield>
  </datafield>
  <datafield tag="650" ind1=" " ind2="0">
   <subfield code="a">Radiology.</subfield>
  </datafield>
  <datafield tag="650" ind1="1" ind2="4">
   <subfield code="a">Imaging / Radiology.</subfield>
   <subfield code="0">https://scigraph.springernature.com/ontologies/product-market-codes/H29005</subfield>
  </datafield>
  <datafield tag="700" ind1="1" ind2=" ">
   <subfield code="a">Ros, Pablo R.</subfield>
   <subfield code="e">author.</subfield>
   <subfield code="4">aut</subfield>
   <subfield code="4">http://id.loc.gov/vocabulary/relators/aut</subfield>
  </datafield>
  <datafield tag="700" ind1="1" ind2=" ">
   <subfield code="a">Pozzi Mucelli, Roberto S.</subfield>
   <subfield code="e">editor.</subfield>
   <subfield code="4">edt</subfield>
   <subfield code="4">http://id.loc.gov/vocabulary/relators/edt</subfield>
  </datafield>
  <datafield tag="710" ind1="2" ind2=" ">
   <subfield code="a">SpringerLink (Online service)</subfield>
  </datafield>
  <datafield tag="773" ind1="0" ind2=" ">
   <subfield code="t">Springer Nature eBook</subfield>
  </datafield>
  <datafield tag="776" ind1="0" ind2="8">
   <subfield code="i">Printed edition:</subfield>
   <subfield code="z">9788847010499</subfield>
  </datafield>
  <datafield tag="776" ind1="0" ind2="8">
   <subfield code="i">Printed edition:</subfield>
   <subfield code="z">9788847007406</subfield>
  </datafield>
  <datafield tag="856" ind1="4" ind2="0">
   <subfield code="u">https://doi.org/10.1007/978-88-470-0741-3</subfield>
  </datafield>
  <datafield tag="912" ind1=" " ind2=" ">
   <subfield code="a">ZDB-2-SME</subfield>
  </datafield>
  <datafield tag="912" ind1=" " ind2=" ">
   <subfield code="a">ZDB-2-SXM</subfield>
  </datafield>
  <datafield tag="950" ind1=" " ind2=" ">
   <subfield code="a">Medicine (SpringerNature-11650)</subfield>
  </datafield>
  <datafield tag="950" ind1=" " ind2=" ">
   <subfield code="a">Medicine (R0) (SpringerNature-43714)</subfield>
  </datafield>
 </record>
</collection>
